000 00306nam a22001337a 4500
008 170721b xxu||||| |||| 00| 0 eng d
020 _a9780321193858
041 _aeng
080 _22ND
_a004
100 _a28
101 _aSHKI
245 _aTHE NON-DESIGNERS DESIGN BOOK
_cWILLIAMS, R
942 _2udc
_cBK
999 _c21753
_d21753